000 00377nam a2200133Ia 4500
008 230917s9999||||xx |||||||||||||| ||und||
040 _e90500
_aMAIN
041 _aEnglish
082 _a617.7 S199S
100 _aJaidka, Rajesh Kumar
245 0 _aTo study the association of refractive errors (ametropia) with strabismus (concomitant type)
300 _a94 p.
942 _cTH
999 _c222588
_d222588